000 01249nam a2200349 i 4500
001 8060
003 KOSZ 005
005 20200814092600.0
008 080411s1965 pl a f 001 0 pol
015 _aPB 1965/2702
040 _aWA N
_cKOSZ 005/RW
_dKOSZ 005/RW
_dKOSZ 005/HR
041 1 _apol
_heng
046 _k1965
080 _a621.375.826
100 1 _aLengyel, Bela Adalbert
_d(1910- ).
_eAutor.
245 1 0 _aLasery :
_bgeneracja światła przez emisję wymuszoną /
_cBella A. Lengyel ; [z ang. tł. Wojciech Brański et al.].
246 1 _iTyt. oryg.:
_aLasers.
260 _aWarszawa :
_bPaństwowe Wydawnictwo Naukowe,
_c1965.
300 _a211, [2] s. :
_bil., err. ;
_c18 cm.
380 _aKsiążki.
388 _a1901-2000
490 1 _aMałe Monografie PWN. Fizyka.
500 _aUzup. wg wyd. radz.
504 _aBibliogr. przy rozdz. Indeks.
658 _aInżynieria i technika
650 4 _aLasery
700 1 _aBrański, Wojciech
_d(1935- ).
_eTłumaczenie
710 2 _aPaństwowe Wydawnictwo Naukowe
_4pbl.
856 _uhttp://koha.tu.koszalin.pl/cgi-bin/koha/opac-detail.pl?biblionumber=8060
_yKatalog online BPK
830 0 _aMałe Monografie PWN.
_pFizyka
942 _2UKD
_cKS
999 _c8060
_d8060